000
00255nam a2200109Ia 4500
008
190914s9999||||xx |||||||||||||| ||und||
100
_a
Vinod Kothari
245
0
_a
Securitization
260
_a
New Jersey
_b
Prentice Hall
_c
2004
300
_a
258
942
_c
BK
999
_c
9422
_d
9422